Personnages Genshin Impact - Statistiques

Statistiques générales
  • Ce quiz a été pris 1 135 fois
  • Le résultat moyen est 19 sur 33
Statistiques - réponses
Question Réponse % Correct
Une jeune fille pleine de vie et l’unique éclaireuse de l’Ordre de Favonius. Avec trois titres consécutifs de championne de planage aérien de Mondstadt, cette discipline n’a plus de secrets pour elle. En tant qu’étoile montante de l’Ordre de Favionus, elle brille toujours en première ligne ! Amber
93%
Entièrement dévouée à sa fonction de grande maîtresse intérimaire de l’Ordre de Favonius, elle veille sans relâche sur Mondstadt. Bien qu’elle n’était pas la plus douée de ses pairs, cette jeune femme est devenue le pilier de l’Ordre grâce à son travail acharné. Elle protègera Mondstadt coûte que coûte face à toutes les menaces, notamment celle que représente Stormterror Jean
91%
Il/Elle vient d’un autre monde et a été séparé de son frère/sœur. Il/Elle débute son périple à la recherche des Sept Archons de Teyvat dans l’espoir de le/la retrouver. Voyageur
91%
Les membres de la Guilde des Aventuriers de Mondstadt âgés de moins de 20 ans sont rares, mais il n’a jamais eu de chance. Il est le seul membre actif de la Bande de Benny, l’équipe d’aventuriers qu’il a fondée. Celle-ci était à deux doigts de la dissolution à cause de ses amis, partis « en congé » à la suite de malheureux incidents. Cependant, à la demande sincère de lui, Catherine a gardé son équipe dans le registre de la Guilde, tout en lui cachant que tous les autres membres l’avaient officiellement quitté pour ne pas lui briser le cœur Bennet
85%
Un barde inconnu qui chante des vieux poèmes oubliés certaines fois, et des poèmes que personne n’avait jamais entendus auparavant d’autres fois. Il aime les pommes et les lieux animés. Cependant, il a horreur du fromage et des choses gluantes. Ses pouvoirs Anémo se manifestent souvent sous la forme de plumes, car il apprécie beaucoup les objets légers et flottants Venti
85%
Un des puissants Adeptes éclairés de Liyue, aussi connu sous le nom de « Yaksha gardien ».
Bien qu'il ait l'apparence d'un jeune garçon, on retrouve de nombreuses légendes à son sujet dans des ouvrages littéraires vieux de plusieurs milliers d'années.
Son plat préféré est le tofu aux amandes de l'Auberge Wangshu.
Il apprécie particulièrement ce mets parce qu'il a le goût d'un beau rêve qu'il a jadis dévoré
Xiao
84%
Suite à l’intervention des Adeptes, elle est un zombie qui doit se donner ses propres ordres pour agir. En raison de sa mémoire défaillante, elle porte toujours sur elle un carnet, sur lequel elle note toutes sortes de choses auxquelles faire attention. Il n’est pas exagéré de dire que le carnet est devenu un genre de guide à l’usage des nuls pour tous les aspects possibles et imaginables de la vie Qiqi
83%
77e directrice du Funérarium Wangsheng, en charge de tout ce qui a trait aux funérailles. Elle s’occupe des obsèques de chacun avec zèle, et s’assure que l’équilibre entre le monde des morts et des vivants soit maintenu. À cela s’ajoute des « talents » de poète ; plusieurs de ses vers de mirliton passent de bouche en bouche à Liyue Hu Tao
81%
Consultant mystérieux invité par le Funérarium Wangsheng, ce beau jeune homme aux manières élégantes possède des connaissances qui vont bien au-delà de celles des gens ordinaires. Bien que personne ne sache d’où il est originaire, il est coutumier de l’étiquette et des règles de la bienséance. Il effectue toutes sortes de cérémonies pour le compte du Funérarium Wangsheng Zhongli
80%
La nouvelle toque du Restaurant Wanmin, qui travaille aussi en salle quand elle n’est pas aux fourneaux. Sa maîtrise de l’art culinaire se voit notamment dans ses spécialités aussi relevées que savoureuses. Douée malgré son jeune âge, elle jouit d’une excellente réputation auprès des amateurs de bonne chère de la Falaise Chihu. Si par chance elle vous invite un jour à venir tester une nouvelle recette, allez-y les yeux fermés. Satisfaction garantie Xiangling
75%
Comme beaucoup d’autres jeunes à Mondstadt, elle rêve de revêtir un jour la fameuse armure des Chevaliers de l’Ordre. Bien qu’elle ne soit pas encore un vrai chevalier, elle travaille comme servante à l’Ordre de Favonius, et ne rate pas une occasion d’y apprendre tous les aspects de la chevalerie. Croyant fermement que rien n’est impossible à celui qui s’investit dans son travail, elle est convaincue qu’un jour viendra où elle pourra à son tour porter l’armure de l’Ordre, symbole de gloire Noelle
74%
Exorciste basé à Liyue, et exerçant ses activités de par le monde. Héritier de l’une des plus célèbres maisons de l’art, il a un talent dévastateur qu’il ne doit pas à l’enseignement de ses maîtres, mais à l’impressionnante quantité d’énergie en permanence au bord de l’implosion qui l’habite Chongyun
66%
À Liyue, le rock ‘n’ roll est une nouvelle forme d’art et elle en est la pionnière. Sa musique et ses chansons passionnées sont un pied de nez aux préjugés et au conformisme. Si vous en avez l’occasion, ne manquez pas l’un de ses concerts Xinyan
64%
À la fois diaconesse de Église de Favonius et star de la chanson à Mondstadt, c'est est une jeune fille à la vie bien remplie. Pour les habitants de Mondstadt qui sont habitués aux bardes, le concept d’idole qu’elle incarne est encore nouveau. Cependant, le moins qu’on puisse dire, c’est qu'elle est adulée par tout le monde dans le coin. « Voilà l’esprit de liberté de Mondstadt ! » a-t-elle conclu en remerciant le public pour son soutien chaleureux Barbara
62%
C'est la descendante rebelle de la vieille aristocratie qui vit sur le champ de bataille en tant que chevalier. Née dans un clan de la noblesse d’antan, le sang des oppresseurs de Mondstadt coule dans ses veines. Sa façon unique d’aborder le monde lui a permis de passer outre les préjugés à son encontre, la poussant à couper tout lien avec sa famille pour devenir le « Chevalier aux Embruns ». Elle pourchasse les ennemis de Mondstadt dans les contrées sauvages dans le but d’assouvir son unique vengeance Eula
62%
Il est le fidèle bras droit de Jean au sein de l’Ordre de Favonius. Il n’y a rien qu’il ne puisse pas faire ! Ce charmant chevalier est très apprécié de la population locale, mais il n’en demeure pas moins mystérieux Kaeya
61%
Faisant preuve d’une curiosité sans limite envers tout ce que l’univers peut offrir, elle est l’assistante d’Albedo, et travaille pour l’Ordre de Favonius, se concentrant plus particulièrement sur la bio-alchimie. Elle espère que l’alchimie lui permettra de modifier de manière positive la vie sur terre, et de rendre ce monde encore plus varié qu’il ne l’est aujourd’hui. Bien sûr, ses expériences résultent de temps en temps en des découvertes assez dérangeantes. Mais dans l’ensemble, on doit à ses recherches en la matière des résultats remarquables Sucrose
56%
Reine du cocktail à la Queue de Chat, star de l’industrie du vin de Mondstadt, barmaid du renouveau. Tout alcool préparé par les soins de cette jeune fille originaire de Deauclaire, peu importent ses efforts, est toujours un breuvage digne de figurer sur les meilleures cartes. Mais s’agit-il pour elle qui rêve de détruire l’industrie du vin de Mondstadt d’une bénédiction, ou d’une malédiction? Diona
55%
Une riche commerçante, propriétaire d’un palais flottant dans les airs. Un sourire mystérieux adorne son visage connu de tous à Liyue, où elle se trouve toujours au cœur des rumeurs les plus folles. En tant que Megrez des Sept Étoiles de Liyue, elle représente non seulement le pouvoir et la loi, mais également la fortune et la sagesse Ninnguang
52%
Une mystérieuse jeune astrologue bien souvent à court d’argent et vivant une vie d’épargne, elle est résolue à ne jamais utiliser l’astrologie à des fins lucratives. C’est cette même résolution qui l’a amenée à s’inquiéter constamment de l’argent Mona
49%
Étant l’homme le plus riche de Mondstadt, il se présente toujours comme un jeune homme élégant et charmant, à l’image publique parfaite. Sous ce masque se cache un guerrier à la volonté de fer forgée dans les flammes qui ne recule devant rien pour protéger Mondstadt. Ne comptez pas sur lui pour ménager ses adversaires, il sera sans pitié jusqu’à la fin Diluc
46%
C'est une sœur de l’Église de Favonius de la ville de Mondstadt. Une étrange religieuse qui n’en a que l’apparence. Ses paroles sont acérées et son comportement froid. Imprévisible, elle part souvent sans prévenir personne et semble agir pour le bien d’une mission dont personne n’a connaissance Rosalia
45%
Elle est une conseillère juridique mi-femme, mi-Adepte inégalée. Oscillant entre respecter la loi et savoir s’adapter aux circonstances, elle a trouvé son propre point d’équilibre. Son statut unique de conseillère juridique ainsi que ses méthodes particulières lui permettent de protéger au mieux l’harmonie de Liyue Yanfei
45%
La capitaine du Crux qui jouit d’une grande réputation à Liyue. Certains disent qu’elle peut fendre des montagnes et des mers, d’autres disent qu’elle peut invoquer le tonnerre en levant simplement sa lame. On prétend même que le plus terrifiant des monstres marins ne ferait pas le poids contre elle. Ceux qui ne la connaissent pas pourraient croire qu’il s’agit d’une plaisanterie. Cependant, ceux qui ont navigué à ses côtés sont plutôt d’accord avec ces rumeurs… Si cet abominable monstre marin existe vraiment, elle n’en fera qu’une bouchée Beidou
43%
C'est une sorcière intelligente avec un penchant pour la sieste. En tant que bibliothécaire de l’Ordre de Favonius, cette grande intellectuelle trouve toujours la meilleure solution à tous les problèmes. Malgré son air nonchalant, elle maîtrise toute situation avec calme et sérénité Lisa
40%
C'est un combattant imprévisible venant des terres enneigées de Snezhnaya. Rien ne sert d’essayer de deviner ses intentions ou ses objectifs. Mieux vaut juste se souvenir d’une chose : sous un aspect parfois encore puéril se cache la volonté indomptable d’un guerrier Tartaglia
38%
La secrétaire des Sept Étoiles. Dans ses veines coule du sang de Qilin, la créature mythique. De nature gracieuse et calme, les Qilin ont souvent un caractère doux et ne voient aucun problème à affronter les tâches les plus fastidieuses. Elle croit fermement que le travail qu’elle effectue honore le contrat qu’elle a passé avec le Souverain de la Roche, et assure le bien-être d’autant de Liyuéens que possible Ganyu
34%
L’Alioth, l’une des Sept Étoiles de Liyue. L’Alioth critique à mots couverts l’idée que Liyue suive à la lettre la parole du Seigneur de la Roche ; mais ce dernier apprécie justement ce genre de personnes. Elle croit fermement en l’idée que l’humanité devrait être responsable de son propre destin, et qu’elle en est capable. Et elle n’hésite pas à travailler deux fois plus que n’importe qui pour prouver qu’elle a raison Keqing
31%
Une fille mystérieuse qui se fait appeler « la Princesse du Châtiment ». Elle marche toujours avec un corbeau de nuit nommé Oz. elle travaille actuellement comme enquêtrice au sein de la Guilde des Aventuriers. Bien qu’elle ne veuille pas l’admettre, elle est devenue la nouvelle star parmi ses pairs, réussissant à gagner la reconnaissance et l’acceptation de tous, grâce à ses capacités spéciales, sa personnalité excentrique et ses efforts assidus Fischl
28%
Deuxième fils de la Guilde Commerce de Feiyun, il a la réputation d’être studieux et poli depuis son plus jeune âge. Mais il y a un autre côté, aux manières douces que tout le monde connaît, un côté audacieux, aventureux et beaucoup plus espiègle Xingqiu
25%
Un alchimiste vivant à Mondstadt, travaillant au service de l’Ordre de Favonius. « Génie », « Kreideprinz », « Enquêteur en chef »… Les titres et les éloges lui importent peu : à ses yeux, seules comptent ses recherches. Il n’a que faire de l’accumulation de richesse et des relations sociales. Son unique objectif est la poursuite du savoir, et la compréhension des connaissances les plus obscures et les plus profondes laissées par les générations d’érudits l’ayant précédé Albedo
24%
Chevalier de l’étincelle de l’Ordre de Favonius ! Elle entre toujours en scène d’une manière explosive ! Puis disparait silencieusement sous le regard sévère de Jean, la grande maîtresse intérimaire de l’Ordre de Favonius Klee
24%
À Mondstadt, il y a une rumeur qui court sur un jeune garçon. Certains disent que c’est un enfant abandonné que les loups ont adopté quand il était bébé, d’autres croient qu’il est l’incarnation d’un loup… Aussi vifs que l’éclair et dotés de griffes acérées, les loups vivent en harmonie avec la nature sauvage. À l’heure actuelle, il court et chasse certainement dans la forêt avec les loups à l’aide de son instinct et de son agilité surprenante Razor
23%
Aucun quiz correspondant
Distribution des résultats
% des personnes avec chaque résultat
Percentile par nombre de réponses
Votre historique - résultats
Vous n’avez pas pris ce quiz